| 000 | 005580000a22001810004500 | ||
|---|---|---|---|
| 003 | MACL | ||
| 005 | 20160218160521.0 | ||
| 008 | 160218b xxu||||| |||| 00| 0 eng d | ||
| 040 |
_aMACL _cMACL |
||
| 041 | _aHindi | ||
| 082 | _a380 | ||
| 100 |
_aसक्सेना डॉ. एस. सी _938942 |
||
| 245 | _aआर्थिक एवं वाणिाज्य भूूगोल | ||
| 260 |
_bमानकचंद बुकडिपो _c1962 _aइन्दौर |
||
| 350 | _a8 | ||
| 650 |
_aCommerce _938943 |
||
| 942 |
_cHIN _k380 _2ddc |
||
| 999 |
_c25814 _d25814 |
||